| 000 | 00681 a2200169 4500 | ||
|---|---|---|---|
| 003 | NUST | ||
| 005 | 20230102140732.0 | ||
| 040 | _cNust | ||
| 082 | _a370.114,RAS | ||
| 100 | _aRashid, Saeed | ||
| 245 |
_aBeacon light / _cRashid Saeed |
||
| 260 |
_aIslamabad _bSultana Foundation _c1997 |
||
| 300 | _a287 p.: | ||
| 505 | _aPart 1:- Inspiration (Page-19), Part 2:- Exercise in Thinking (Page-38), Exercise in Recitation (Page-77), Part 4:- Professional Development (Page-91), Part 5:- (Page-143), Book Two, Part 1:- Quest for Awareness (Page-165), Part 2:- Thinking (Page-229), Part 3:- Pakistaniat (Page-241). | ||
| 650 |
_aBeacon light _9106649 |
||
| 942 |
_2ddc _cBK _k370.114,RAS |
||
| 999 |
_c185783 _d185783 |
||